Datum a čas kvízu
35.5
Celkem bodů
Celkový počet nahraných bodů na tomto kvízu bez doplňovacích otázek.
11.
Pořadí na kvízu
Konečné umístění týmu na tomto kvízu.
Zaznamenané odpovědi
| # | Otázka | Odpověď | Body | Výsledky |
|---|---|---|---|---|
| 1. | Bramberk je 21 metrů vysoká ro... | 110 let | 0 | |
| 2. | Minulý týden bylo rozhodnuto o... | Julian Assange | 0 | |
| 3. | Jedna z hlavních postav animov... | (Buzz) Rakeťák | 1 | |
| 4. | V Moskvě bylo otevřeno prvních... | Chutně a tečka / Vkusno & točka | 0 | |
| 5. | Basketbalová NBA již zná svého... | Golden State Warriors | 1 | |
| 6. | V následujících pěti otázkách... | Uprchlík; Harrison Ford, Tommy Lee Jones | 1 | |
| 7. | Francouzská komedie Drž hubu!... | Ruby, Quentin | 1 | |
| 8. | V roce 2013 byl natočen životo... | James Hunt, Niki Lauda | 1 | |
| 9. | Herci Zdeněk Svěrák a Daniela... | Na samotě u lesa, Akumulátor I, Vratné lahve, Betlémské světlo | 1 | |
| 10. | Přiřaďte k sobě herecké předst... | 1A 2B 3D 4C | 0 |